|
|
|
|
| LEADER |
00000cam a22000002cc4500 |
| 001 |
1092333509 |
| 003 |
DE-627 |
| 005 |
20250826165056.0 |
| 007 |
tu |
| 008 |
901120s1629 xx ||||| 00| ||lat c |
| 035 |
|
|
|a (DE-627)1092333509
|
| 035 |
|
|
|a (DE-576)022333509
|
| 035 |
|
|
|a (DE-599)BSZ022333509
|
| 035 |
|
|
|a (OCoLC)1534431212
|
| 035 |
|
|
|a (OCoLC)311568696
|
| 040 |
|
|
|a DE-627
|b ger
|c DE-627
|e rakwb
|
| 041 |
|
|
|a lat
|
| 084 |
|
|
|a 1
|2 ssgn
|
| 100 |
1 |
|
|0 (DE-588)116487437
|0 (DE-627)077984994
|0 (DE-576)29058440X
|4 aut
|a Chamier, Daniel
|d 1565-1621
|
| 109 |
|
|
|a Chamier, Daniel 1565-1621
|a Chamierus, Daniel 1565-1621
|a Chamierius, Daniel 1565-1621
|
| 245 |
1 |
0 |
|a Panstratiae catholicae sive controversiarum de religione adversus pontificos corpus
|n 1
|p [De Canone]
|
| 250 |
|
|
|a Editio Secunda. Cui accessit Suplementum Tomi Quarti, Et Tomus Quintus
|
| 264 |
|
1 |
|a [Genevae ?]
|b [Typis Roverianis ?]
|c 1629
|
| 300 |
|
|
|a [13] Bl., 278 S.
|
| 336 |
|
|
|a Text
|b txt
|2 rdacontent
|
| 337 |
|
|
|a ohne Hilfsmittel zu benutzen
|b n
|2 rdamedia
|
| 338 |
|
|
|a Band
|b nc
|2 rdacarrier
|
| 751 |
|
|
|a Genf
|0 (DE-588)4020137-5
|0 (DE-627)106319205
|0 (DE-576)208932003
|4 pup
|
| 773 |
1 |
8 |
|a Panstratiae catholicae sive controversiarum de religione adversus pontificos corpus tomis quatuor distributum
|w (DE-627)1092333428
|w (DE-576)022333428
|g 1
|q 1
|7 nnam
|
| 951 |
|
|
|a MV
|
| ELC |
|
|
|b 1
|
| ITA |
|
|
|a 1
|t 1
|
| LOK |
|
|
|0 000 xxxxxcx a22 zn 4500
|
| LOK |
|
|
|0 001 4764339633
|
| LOK |
|
|
|0 003 DE-627
|
| LOK |
|
|
|0 004 1092333509
|
| LOK |
|
|
|0 005 20250826162127
|
| LOK |
|
|
|0 008 250826||||||||||||||||ger|||||||
|
| LOK |
|
|
|0 040
|a DE-21
|c DE-627
|d DE-21
|
| LOK |
|
|
|0 852
|a DE-21
|
| LOK |
|
|
|0 852 1
|c Gf 61.2-1/4+SUPPL1/5
|9 00
|
| LOK |
|
|
|0 935
|a abe1
|
| LOK |
|
|
|0 939
|a 26-08-25
|b l01
|
| ORI |
|
|
|a SA-MARC-ixtheoa001.raw
|